Sports Quiz

Random Sports Quiz

AFL: ADELAIDE CROWS PLAYERS 2010-2019 Quiz Stats

 Plays Quiz not verified by Sporcle

Score 0/89 Timer 07:00
0 Plays Today
FIRST APPEARED PLAYER % Correct
2010Taylor WALKER
97.4%
2010Rory SLOANE
94.7%
2014Eddie BETTS
94.7%
2010Patrick DANGERFIELD
92.1%
2011Sam JACOBS
92.1%
2011Brodie SMITH
92.1%
2013Rory LAIRD
89.5%
2014Brad CROUCH
89.5%
2014Matt CROUCH
89.5%
2011Daniel TALIA
84.2%
2012Josh JENKINS
84.2%
2012Luke BROWN
78.9%
2016Reilly O'BRIEN
78.9%
2010Kurt TIPPETT
76.3%
2010Scott THOMPSON
76.3%
2011Luke THOMPSON
73.7%
2014Charlie CAMERON
73.7%
2016Paul SEEDSMAN
73.7%
2018Bryce GIBBS
73.7%
2010Andrew McLEOD
71.1%
2017Hugh GREENWOOD
71.1%
2010Nathan VAN BERLO
68.4%
2010Richard DOUGLAS
65.8%
2012Tom LYNCH
65.8%
2015Rory ATKINS
65.8%
2016Wayne MILERA
65.8%
2010David MACKAY
63.2%
2010Bernie VINCE
63.2%
2010Ben RUTTEN
63.2%
2011Andy OTTEN
63.2%
FIRST APPEARED PLAYER % Correct
2015Jake LEVER
63.2%
2015Jake KELLY
63.2%
2017Alex KEATH
63.2%
2019Chayce JONES
63.2%
2010Jason PORPLYZIA
60.5%
2010Graham JOHNCOCK
57.9%
2010Brett BURTON
57.9%
2010Nathan BOCK
57.9%
2015Kyle CHENEY
57.9%
2018Tom DOEDEE
57.9%
2010Simon GOODWIN
55.3%
2016Mitch McGOVERN
50%
2017Jordan GALLUCCI
50%
2010Tyson EDWARDS
44.7%
2010Phil DAVIS
44.7%
2019Ben DAVIS
44.7%
2010Chris KNIGHTS
42.1%
2013Kyle HARTIGAN
42.1%
2014Cam ELLIS-YOLMEN
42.1%
2010Jack GUNSTON
39.5%
2018Darcy FOGARTY
39.5%
2011Matthew WRIGHT
34.2%
2014James PODSIADLY
34.2%
2018Lachlan MURPHY
34.2%
2010Ivan MARIC
31.6%
2012Jarryd LYONS
31.6%
2010Scott STEVENS
28.9%
2010Jared PETRENKO
28.9%
2010Will YOUNG
28.9%
2010Ricky HENDERSON
28.9%
FIRST APPEARED PLAYER % Correct
2018Patrick WILSON
28.9%
2010Brent REILLY
26.3%
2010Matthew JAENSCH
26.3%
2019Tyson STENGLE
26.3%
2010Michael DOUGHTY
23.7%
2011Shaun McKERNAN
23.7%
2018Sam GIBSON
23.7%
2010Brodie MARTIN
21.1%
2012Lewis JOHNSTON
21.1%
2012Sam SHAW
21.1%
2017Curtly HAMPTON
21.1%
2017Troy MENZEL
21.1%
2018Myles POHOLKE
21.1%
2010Brad SYMES
18.4%
2010Tony ARMSTRONG
18.4%
2011Ian CALLINAN
18.4%
2012Sam KERRIDGE
18.4%
2010Jonathon GRIFFIN
13.2%
2011Brad MORAN
13.2%
2010James SELLAR
10.5%
2010Trent HENTSCHEL
10.5%
2011Richard TAMBLING
10.5%
2013Mitch GRIGG
10.5%
2010Myke COOK
7.9%
2011Aidan RILEY
7.9%
2012Tim McINTYRE
7.9%
2017Jonathon BEECH
7.9%
2010Chris SCHMIDT
2.6%
2018Elliott HIMMELBURG
0%

You're not logged in!

Compare scores with friends on all Sporcle quizzes.
OR
Log In

Sporcle TV

Today on Sporcle TV


Watch our educational content, quiz creation guides, and fun videos on Sporcle TV.

Show Comments

Extras

Top Quizzes Today


Score Distribution

Your Account Isn't Verified!

In order to create a playlist on Sporcle, you need to verify the email address you used during registration. Go to your Sporcle Settings to finish the process.

Report this User

Report this user for behavior that violates our Community Guidelines.

Details: